К вопросу обучения иноязычному устному общению; В мире научных открытий; № 11.4 (71)

書目詳細資料
Parent link:В мире научных открытий.— , 2008-
№ 11.4 (71).— 2015.— [С. 1427-1432]
主要作者: Кобзева Н. А. Надежда Александровна
企業作者: Национальный исследовательский Томский политехнический университет Физико-технический институт Кафедра иностранных языков физико-технического института
其他作者: Никонова Е. Д. Елена Демьяновна, Смирнова И. Н. Ирина Николаевна
總結:Заглавие с экрана
Настоящая работа посвящена рассмотрению форм иноязычного устного общения, которые следует учитывать в процессе обучения иноязычному устному общению.
This paper deals with the issue of oral communication forms characteristics which should be taken into account in the process of teaching foreign language oral communication.
Режим доступа: по договору с организацией-держателем ресурса
語言:俄语
出版: 2015
主題:
在線閱讀:http://elibrary.ru/item.asp?id=25406361
http://journal-s.org/index.php/vmno/article/view/8175
格式: 電子 Book Chapter
KOHA link:https://koha.lib.tpu.ru/cgi-bin/koha/opac-detail.pl?biblionumber=646465

MARC

LEADER 00000naa0a2200000 4500
001 646465
005 20250121140510.0
035 |a (RuTPU)RU\TPU\network\11601 
090 |a 646465 
100 |a 20160301d2015 k||y0rusy50 ca 
101 0 |a rus 
102 |a RU 
135 |a drcn ---uucaa 
181 0 |a i  
182 0 |a b 
200 1 |a К вопросу обучения иноязычному устному общению  |d To the question of foreign language oral communication  |f Н. А. Кобзева, Е. Д. Никонова, И. Н. Смирнова 
203 |a Текст  |c электронный 
300 |a Заглавие с экрана 
320 |a [Библиогр.: с. 1432 (8 назв.)] 
330 |a Настоящая работа посвящена рассмотрению форм иноязычного устного общения, которые следует учитывать в процессе обучения иноязычному устному общению. 
330 |a This paper deals with the issue of oral communication forms characteristics which should be taken into account in the process of teaching foreign language oral communication. 
333 |a Режим доступа: по договору с организацией-держателем ресурса 
461 |t В мире научных открытий  |d 2008- 
463 |t № 11.4 (71)  |v [С. 1427-1432]  |d 2015 
510 1 |a To the question of foreign language oral communication  |z eng 
610 1 |a электронный ресурс 
610 1 |a труды учёных ТПУ 
610 1 |a общение 
610 1 |a иноязычное общение 
610 1 |a монологическая речь 
610 1 |a диалогическая речь 
700 1 |a Кобзева  |b Н. А.  |c лингвист  |c старший преподаватель Томского политехнического университета  |f 1955-  |g Надежда Александровна  |3 (RuTPU)RU\TPU\pers\24565  |9 10865 
701 1 |a Никонова  |b Е. Д.  |g Елена Демьяновна 
701 1 |a Смирнова  |b И. Н.  |g Ирина Николаевна 
712 0 2 |a Национальный исследовательский Томский политехнический университет  |b Физико-технический институт  |b Кафедра иностранных языков физико-технического института  |3 (RuTPU)RU\TPU\col\18736  |9 27185 
801 2 |a RU  |b 63413507  |c 20160301  |g RCR 
856 4 |u http://elibrary.ru/item.asp?id=25406361 
856 4 |u http://journal-s.org/index.php/vmno/article/view/8175 
942 |c CF